000 01852nam a2200541 i 4500
001 31441
003 KOSZ 005
005 20220518143358.0
008 980702s1995 pl a |000 0 pol
015 _aUWD 1996/4649
020 _a8370168863
035 _a991004001469705066
035 _a(PL-WaBN)b11064419-48omnis_nlop
035 _ab11064419
035 _a(OCoLC)749987873
035 _azz2006957757
035 _a(PL)b0000001106441
035 _a(EXLNZ-48OMNIS_NETWORK)9910092685805606
040 _aWA N
_cWA N
_dKOSZ 005/HR
041 0 _apol
_aeng
046 _k1995
080 _a159.923
080 _a159.95
080 _a159.922.7
080 _a(075.8)
245 0 0 _aStymulatory rozwoju aktywności i osobowości twórczej =
_bStimulators of development of activity and creative personality /
_cpod red. Leona Niebrzydowskiego.
260 _aŁódź :
_bWydawnictwo Uniwersytetu Łódzkiego,
_c1995.
300 _a129, [2] s. :
_b1 rys., 1 wykr. ;
_c24 cm.
336 _aTekst
_btxt
_2rdacontent
337 _aBez urządzenia pośredniczącego
_bn
_2rdamedia
338 _aWolumin
_bnc
_2rdacarrier
380 _aKsiążki
388 _a1901-2000
388 _a1989-2000
500 _aTekst częśc. ang.
504 _aBibliogr. przy art.
650 7 _aRozwój osobowości
_2DBN
650 7 _aRozwój psychofizyczny dziecka
_2DBN
650 7 _aRozwój psychofizyczny młodzieży
_2DBN
650 7 _aTwórczość
_2DBN
655 7 _aPodręczniki akademickie
_2DBN
658 _aPsychologia
700 1 _aNiebrzydowski, Leon
_eRedakcja
710 2 _aWydawnictwo Uniwersytetu Łódzkiego
_4pbl
856 _uhttp://koha.tu.koszalin.pl/cgi-bin/koha/opac-detail.pl?biblionumber=31441
_yKatalog online BPK
942 _2UKD
_cKS
999 _c31441
_d31441